Statistics for Countries With Most Tigers

Click here to take the quiz!

General Stats

  • This quiz has been taken 235 times
  • The average score is 5 of 7

Answer Stats

Answer% Correct
India
100%
Thailand
76%
Nepal
73%
Malaysia
68%
Indonesia
60%
Bangladesh
57%
Russia
53%

Score Distribution

Percentile by Number Answered

Percent of People with Each Score

Your Score History

You have not taken this quiz